00542 2200205 4500001002100000005001500021035002000036245004000056100002100096250001700117300003200134260003400166082000800200084001400208020002200222650001000244008004100254500002500295990001600320INLIS00000000000055820240821080711 a0010-08240000761 aEtika Anak Gaul /cRahmat Margajaya0 aRahmat Margajaya aCetakan ke-1 aiv, 44 hlm :bIlus ;c21 cm aBekasi :bGaneca Exact,c2007 a177 a177 RAH e a978-979-571-496-5 4aEtika240821 0  aSeri Etika Pergaulan a00000002787